000 01176nam a2200277Ia 4500
003 OSt
005 20221005111939.0
006 a|||||r|||| 00| 0
007 ta
008 221004b |||||||| |||| 00| 0 san d
020 _a9789386554406 (hbk)
_cINR 350.00
024 _a45122
037 _b381, 11/02/2019, Vidyanidhi Prakashan
_cTextual
040 _aCRL
_cCRL
_bsan
041 _2san
_asan
082 _aQ2:224, 152Q8
100 _aत्रिपाठी, कमलाकान्त, ले.
245 0 _aस्त्री संन्यासाधिकारविचार
_b नारीधर्म - विचारप्रधान ग्रन्थ
246 _aStrī sannyāsādhikāravichāra: nārīdharma - vichārapradhān grantha
260 _aवाराणसी
_bचौखम्बा सुरभारती प्रकाशन भारत
_c2018
300 _a169पृ0
_ccm.
650 _a नारी
650 _aधर्म
942 _hQ2:224, 152Q8
_cTEXL
_2cc
999 _c1023380
_d1023380